Asijské země - Statistics

General Stats
  • This quiz has been taken 31 times
  • The average score is 37 of 48
Answers on the Map
Answers color-coded by a green-red scale on the quiz's map according to % correct below.
 
Answer Stats
Země % Correct
Čína
100%
Indie
100%
Japonsko
100%
Jižní Korea
100%
Severní Korea
100%
Vietnam
100%
Indonésie
93%
Mongolsko
93%
Pákistán
93%
Saúdská Arábie
93%
Irák
86%
Írán
86%
Izrael
86%
Jemen
86%
Katar
86%
Kazachstán
86%
Laos
86%
Nepál
86%
Omán
86%
Srí Lanka
86%
Turecko
86%
Turkmenistán
86%
Afghánistán
79%
Filipíny
79%
Jordánsko
79%
Kypr
79%
Thajsko
79%
Arménie
71%
Bangladéš
71%
Bhútán
71%
Gruzie
71%
Libanon
71%
Spojené arabské emiráty
71%
Sýrie
71%
Ázerbájdžán
64%
Brunej
64%
Kambodža
64%
Malajsie
64%
Myanmar
64%
Singapur
64%
Tádžikistán
64%
Uzbekistan
64%
Kuvajt
57%
Maledivy
57%
Tchaj-wan
57%
Kyrgyzstán
50%
Bahrajn
43%
Východní Timor
43%
No matching quizzes found
Score Distribution
Percent of People with Each Score
Percentile by Number Answered
Your Score History
You have not taken this quiz